[Event "Collado Villalba Grupo Gallinero op 1st"]
[Site "Collado Villalba"]
[Date "2022.08.15"]
[Round "7"]
[White "Dorado Gregorio, Javier"]
[Black "Diaz del Prado, Carlos"]
[Result "0-1"]
[WhiteElo "1411"]
[BlackElo "1357"]
[PlyCount "116"]
[EventDate "2022.08.12"]
[EventType "swiss"]
[EventRounds "9"]
[EventCountry "ESP"]
[SourceTitle "CBM 210 Extra"]
[Source "ChessBase"]
[SourceDate "2022.11.30"]
[SourceVersion "1"]
[SourceVersionDate "2022.11.30"]
[SourceQuality "1"]

1. d4 Nf6 2. Bf4 e6 3. e3 c5 4. Nf3 d5 5. c3 Bd6 6. Ne5 Nbd7 7. Nxf7 Kxf7 8. Bxd6 Qb6 9. dxc5 Qxb2 10. Nd2 Qxc3 11. Rc1 Qa5 12. Rc2 Ne4 13. Bd3 Nxd6 14. Qh5+ Ke7 15. Qg5+ Kf7 16. cxd6 Qd8 17. Qxd8 Rxd8 18. Rc7 Kg8 19. e4 Ne5 20. Ke2 Rxd6 21. Rhc1 Rc6 22. R1xc6 Nxc6 23. exd5 exd5 24. a3 Nd4+ 25. Ke3 Ne6 26. Rc1 Bd7 27. Rb1 Bc6 28. Bb5 d4+ 29. Kd3 Bxg2 30. Bc4 Kf7 31. Bxe6+ Kxe6 32. Rg1 Bc6 33. Rxg7 Rf8 34. Rxh7 Rxf2 35. Rh6+ Kd5 36. Rh5+ Ke6 37. Rh6+ Kf5 38. Rh8 Kg6 39. Rh3 Rf5 40. Rh8 Ra5 41. Nc4 Bb5 42. Kxd4 Bxc4 43. Kxc4 Rxa3 44. Kc5 Rc3+ 45. Kb5 Rb3+ 46. Kc4 Rb6 47. Kc5 Rb2 48. Ra8 Rxh2 49. Rxa7 Rb2 50. Kc4 Kf6 51. Ra3 Ke6 52. Rb3 Rc2+ 53. Kb5 Rc7 54. Kb6 Rd7 55. Re3+ Kf5 56. Rc3 Ke6 57. Rc7 Rxc7 58. Kxc7 b5 0-1

[Event "Merida Heuristic Solutions op U1600"]
[Site "Badajoz"]
[Date "2021.08.04"]
[Round "6.9"]
[White "Dorado Gregorio, Javier"]
[Black "Fernandez Malaga, Domingo"]
[Result "1/2-1/2"]
[WhiteElo "1492"]
[BlackElo "1188"]
[PlyCount "45"]
[EventDate "2021.08.02"]
[EventType "swiss"]
[EventRounds "7"]
[EventCountry "ESP"]
[SourceTitle "EXT 2023"]
[Source "ChessBase"]
[SourceDate "2022.10.05"]
[SourceVersion "1"]
[SourceVersionDate "2022.10.05"]
[SourceQuality "1"]

1. d4 d5 2. Bf4 c5 3. e3 e6 4. Nf3 Bd6 5. Ne5 Nf6 6. Nd2 Qb6 7. dxc5 Qxc5 8. Nb3 Qc7 9. Nd3 0-0 10. Bxd6 Qxd6 11. Be2 Nc6 12. 0-0 b6 13. c3 Bb7 14. Nd4 Nxd4 15. cxd4 Rac8 16. Ne5 Nd7 17. f4 f6 18. Nf3 e5 19. fxe5 fxe5 20. dxe5 Nxe5 21. Nxe5 Rxf1+ 22. Bxf1 Qxe5 23. Qb3 1/2-1/2

[Event "Merida Heuristic Solutions op U1600"]
[Site "Badajoz"]
[Date "2021.08.03"]
[Round "5.11"]
[White "De Miguel Llanos, Alejandro"]
[Black "Dorado Gregorio, Javier"]
[Result "0-1"]
[WhiteElo "1239"]
[BlackElo "1492"]
[PlyCount "48"]
[EventDate "2021.08.02"]
[EventType "swiss"]
[EventRounds "7"]
[EventCountry "ESP"]
[SourceTitle "EXT 2023"]
[Source "ChessBase"]
[SourceDate "2022.10.05"]
[SourceVersion "1"]
[SourceVersionDate "2022.10.05"]
[SourceQuality "1"]

1. d4 d5 2. c4 c6 3. Nc3 Nf6 4. Bf4 dxc4 5. e3 b5 6. a4 Bd7 7. Nf3 Nd5 8. Bg3 Nxc3 9. bxc3 e6 10. Ne5 h5 11. Qf3 f6 12. Ng6 Rh6 13. Bf4 Rxg6 14. Qxh5 Kf7 15. Be2 Be8 16. Bf3 Kg8 17. Be4 Rh6 18. Qg4 f5 19. Qg3 Rg6 20. Qf3 fxe4 21. Qxe4 Bd6 22. axb5 Bxf4 23. Qxf4 cxb5 24. 0-0 Rf6 0-1